[Event "II Open Nicolo' La Rosa"]
[Site "Mazara del Vallo ITA"]
[Date "1993.08.??"]
[Round "3"]
[White "Cillo, Angelo"]
[Black "Lagrotteria, Salvatore"]
[Result "1-0"]
[WhiteElo "1779"]
[BlackElo "2230"]
[PlyCount "90"]
[EventDate "1993.08.11"]

1. d4 Nf6 2. Nf3 g6 3. c4 Bg7 4. Nc3 O-O 5. e4 d6 6. Be2 e5 7. dxe5 dxe5 8.
Qxd8 Rxd8 9. Bg5 Re8 10. O-O-O Nfd7 11. Nd5 Na6 12. Ne7+ Kf8 13. Nxc8 Nf6 14.
Bxf6 Bxf6 15. Nxa7 Rxa7 16. Bd3 Re6 17. Bc2 Rc6 18. Nd2 Bg5 19. Kb1 Bxd2 20.
Rxd2 Rxc4 21. Rhd1 Rc6 22. Rd8+ Kg7 23. Re8 Kf6 24. Rd7 Nc5 25. Rd5 Ne6 26. Bb3
Rd6 27. g4 Rxd5 28. Bxd5 Nf4 29. Bc4 c6 30. h4 h6 31. g5+ hxg5 32. hxg5+ Kxg5
33. Bxf7 b5 34. Bb3 Nd3 35. Kc2 Rd7 36. Rf8 c5 37. Bd5 Nb4+ 38. Kc3 Nxd5+ 39.
exd5 Rxd5 40. a4 bxa4 41. Kc4 Rd2 42. Kxc5 Rxb2 43. Kd5 Rb5+ 44. Kc4 Ra5 45.
Kb4 a3 1-0